000 00450 a2200181 4500
001 002277
003 OSt
005 20220112154057.0
008
082 _a344.021
_bM98M
100 1 _aMuthuswamy
245 1 _aMedical attendance rules
_cby Muthuswamy and Brinda
260 _aChennai
_bSwamy's Publishers
_c2010
300 _a376p.
653 _aCentral Government Rules
700 _aBrinda
942 _2ddc
_cBK
999 _c60
_d60